<?xml version="1.0" encoding="UTF-8"?>
<record
    xmlns:xsi="http://www.w3.org/2001/XMLSchema-instance"
    xsi:schemaLocation="http://www.loc.gov/MARC21/slim http://www.loc.gov/standards/marcxml/schema/MARC21slim.xsd"
    xmlns="http://www.loc.gov/MARC21/slim">

  <leader>00625nam a22002177a 4500</leader>
  <datafield tag="999" ind1=" " ind2=" ">
    <subfield code="c">16749</subfield>
    <subfield code="d">16749</subfield>
  </datafield>
  <controlfield tag="003">OSt</controlfield>
  <controlfield tag="005">20180322132023.0</controlfield>
  <controlfield tag="008">180322b        xxu||||| |||| 00| 0 eng d</controlfield>
  <datafield tag="020" ind1=" " ind2=" ">
    <subfield code="a">9780340759882</subfield>
  </datafield>
  <datafield tag="040" ind1=" " ind2=" ">
    <subfield code="c">KABU</subfield>
  </datafield>
  <datafield tag="050" ind1=" " ind2=" ">
    <subfield code="a">RC 961.5</subfield>
    <subfield code="b">.L83 2002 C.1</subfield>
  </datafield>
  <datafield tag="100" ind1=" " ind2=" ">
    <subfield code="a">Lucas, Adetokunbo O. </subfield>
  </datafield>
  <datafield tag="245" ind1=" " ind2=" ">
    <subfield code="a">Short textbook of public health medicine for the tropics </subfield>
    <subfield code="c">Adetokunbo O. Lucas and Herbert M. Gilles </subfield>
  </datafield>
  <datafield tag="250" ind1=" " ind2=" ">
    <subfield code="a">Rev. 4th ed. </subfield>
  </datafield>
  <datafield tag="260" ind1=" " ind2=" ">
    <subfield code="a">London </subfield>
    <subfield code="b">CRC  Press </subfield>
  </datafield>
  <datafield tag="300" ind1=" " ind2=" ">
    <subfield code="a">x, 389p. </subfield>
  </datafield>
  <datafield tag="650" ind1=" " ind2=" ">
    <subfield code="a">Tropical  medicine </subfield>
  </datafield>
  <datafield tag="650" ind1=" " ind2=" ">
    <subfield code="a">Preventive medicine </subfield>
  </datafield>
  <datafield tag="700" ind1=" " ind2=" ">
    <subfield code="a">Gilles, M. Herbert</subfield>
  </datafield>
  <datafield tag="942" ind1=" " ind2=" ">
    <subfield code="2">lcc</subfield>
    <subfield code="c">BK</subfield>
  </datafield>
  <datafield tag="952" ind1=" " ind2=" ">
    <subfield code="0">0</subfield>
    <subfield code="1">0</subfield>
    <subfield code="2">lcc</subfield>
    <subfield code="7">0</subfield>
    <subfield code="a">KABU</subfield>
    <subfield code="b">KABU</subfield>
    <subfield code="d">2018-03-22</subfield>
    <subfield code="g">1950.00</subfield>
    <subfield code="i">2018/0334</subfield>
    <subfield code="l">2</subfield>
    <subfield code="o">RC 961.5 .L83 2002 C.1</subfield>
    <subfield code="p">024197</subfield>
    <subfield code="r">2018-08-07 00:00:00</subfield>
    <subfield code="s">2018-08-01</subfield>
    <subfield code="t">C. 1</subfield>
    <subfield code="w">2018-03-22</subfield>
    <subfield code="y">BK</subfield>
  </datafield>
  <datafield tag="952" ind1=" " ind2=" ">
    <subfield code="0">0</subfield>
    <subfield code="1">0</subfield>
    <subfield code="2">lcc</subfield>
    <subfield code="7">0</subfield>
    <subfield code="a">KABU</subfield>
    <subfield code="b">KABU</subfield>
    <subfield code="d">2018-04-09</subfield>
    <subfield code="g">1950.00</subfield>
    <subfield code="i">2018/0333</subfield>
    <subfield code="l">2</subfield>
    <subfield code="o">RC 961.5 .L83 2002 C.2</subfield>
    <subfield code="p">024161</subfield>
    <subfield code="r">2019-06-27 00:00:00</subfield>
    <subfield code="s">2019-06-04</subfield>
    <subfield code="t">C. 2</subfield>
    <subfield code="w">2018-04-09</subfield>
    <subfield code="y">BK</subfield>
  </datafield>
</record>
